Capitali per Fuso Orario - UTC+0 - Statistics

Statistiche generali
  • Questo quiz è stato fatto 3 volte
  • Il punteggio medio è 14 su 16
Statistiche sulle risposte
Continente Capitale % Corretto
Africa Accra
100%
Africa Banjul
100%
Africa Bissau
100%
Africa Dakar
100%
Europa Dublino
100%
Africa Freetown
100%
Europa Lisbona
100%
Europa Londra
100%
Africa Monrovia
100%
Africa Reykjavík
100%
Africa Bamako
67%
Africa Conakry
67%
Africa Lomé
67%
Africa Nouakchott
67%
Africa Yamoussoukro
67%
Africa Ouagadougou
33%
Nessun quiz corrispondente trovato
Distribuzione punteggi
Percentuale di utenti per punteggio
Percentile per numero di risposta
I tuoi punteggi nel tempo
Non hai fatto questo quiz